Geography: containing "ant" - Statistics

General Stats
  • This quiz has been taken 29 times
  • The average score is 4 of 12
Answer Stats
Clue Geographical entity % Correct
Continent Antarctica
100%
Caribbean island Antigua
70%
Another name for the West Indies, with Lesser and Greater varieties Antilles
52%
Island off the Massachusetts coast mentioned in a light-hearted old rhyme Nantucket
41%
Huge body of water Atlantic Ocean
37%
Part of Borneo in Indonesia Kalimantan
15%
Region straddling Belgium and the Netherlands Brabant
11%
Region of Japan which includes the Tokyo area Kanto
11%
Spanish region where Santander is located Cantabria
7%
State and river of central Brazil Tocantins
7%
Pacific isles on the exact opposite side of the planet to the English Channel Antipodes Islands
4%
Département of central France Cantal
4%
No matching quizzes found
Score Distribution
Percent of People with Each Score
Percentile by Number Answered
Your Score History
You have not taken this quiz